000 01069nam a2200241Ia 4500
003 Ost
005 20260507075200.0
008 260507s9999||||xx |||||||||||||| ||und||
040 _cfsecg
041 _aara
082 _a330
100 _aموسى، شقيري نوري
_eمؤلف
245 0 _aالرياضيات المالية /
_c شقيري نوري موسى
260 _aعمان:
_bدار المسيرة,
_c2009
300 _a243 صفحة؛
_bإيضاحات ؛
_c24 سم
504 _aمراجع ص.243 ؛ملاحق ص.235
520 _aاللوغاريتمات و الاسس و الجذور ، المعادلات ، التواليات ، التطرق الى موضوع الربا ، الفائدة البسيطة و الفائدة المركبة ، استهلاك الديون طويلة الاجل بفائدة مركبة ، تقييم السندات .
653 _aالرياضيات
653 _aالرياضيات المالية
653 _aالمالية
700 _aصافي، وليد أحمد
_eمؤلف ثانوي
942 _cكتاب
999 _c43399
_d43399